¿ Los Contaminados son los ciudadanos ?. Ciudadanía, Estado, y Nación en comunidades afectadas por la minería /

Guardado en:
Bibliografiske detaljer
Hovedforfatter: Chacón Pagan, Raúl
Format: Texto
Fag:
Tags: Tilføj Tag
Ingen Tags, Vær først til at tagge denne postø!

MARC

LEADER 00000 a a2200000 04500
001 18270
003
040
100 |a Chacón Pagan, Raúl  
245 |a ¿ Los Contaminados son los ciudadanos ?. Ciudadanía, Estado, y Nación en comunidades afectadas por la minería /  |c Raúl Chacón Pagan 
650 |a CUIDADANIA  
650 |a EXPLOTACION MINERA  
650 |a CONFLICTOS  
650 |a ZONAS CONTAMINADAS  
773 |g número 95; páginas 27-42  
999 |c 24463  |d 24463